| 000 | 01631cam a22002898i 4500 | ||
|---|---|---|---|
| 001 | 3134 | ||
| 005 | 20240208104841.0 | ||
| 020 | _a9780545430012 | ||
| 040 |
_aDLC _beng _erda _cDLC |
||
| 050 | 0 | 0 | _aPZ7.N43782 |
| 082 | 0 | 0 | _a813.6 |
| 100 | 1 |
_aNesbitt, Kenn _eauthor. |
|
| 245 | 1 | 0 |
_aMore bears! / _cby Nesbitt, Kenn : illustrated by Cummings, Troy |
| 250 | _aFirst Scholastic printing , December 2011 | ||
| 260 |
_aNew York : _bScholastic , _c2010 |
||
| 300 |
_a30 unnumbered pages : _bcolor illustrations ; _c21 cm . |
||
| 505 | _aO | ||
| 520 | _aOnce upon a time there was a story. It was a lovely story with absolutely NO BEARS in it-not a SINGLE BEAR anywhere. Then one day...MORE BEARS! KENN NESBITT is possibly the funniest and most sought-after children's poet writing today. When he's not writing, podcasting, updating his website (poetry4kids.com), or visiting schools sharing his wacky brand of humor with kids across America, Kenn can be found cuddling his collection of stuffed bears. He seriously cannot get enough of bears. Or chickens. TROY CUMMINGS has been drawing goofy animals pretty much nonstop since kindergarten. His illustrations have appeared in newspapers, in magazines, on websites, on frozen fish stick packages, and in hospital waiting rooms. He hibernates in Greencastle, Indiana, with his wife and cubs. | ||
| 521 |
_a630
_bLexile |
||
| 521 |
_aO
_bRaz-Plus |
||
| 650 | 1 |
_aAuthors _vFiction. |
|
| 650 | 1 |
_aBears _vFiction. |
|
| 650 | 1 | _aHumorous stories. | |
| 700 | 1 |
_aCummings, Troy _eillustrator |
|
| 906 |
_a7 _bcbc _corignew _d1 _eecip _f20 _gy-gencatlg |
||
| 942 |
_2ddc _cBK _n0 |
||
| 999 |
_c3134 _d3134 |
||